| 000 | 02242nam a2200301Ia 4500 | ||
|---|---|---|---|
| 005 | 20190610130652.0 | ||
| 008 | 130821s1564 be fr 1 latsd | ||
| 040 |
_aCo-BoUCM _bspa _cSandra Yazo (modificó) _dSandra Yazo (modificó) |
||
| 041 | 0 | _alat | |
| 082 | 0 | 4 |
_a230 _220 |
| 092 | _aE01N076 | ||
| 100 | 1 |
_aCano, Melchor _d1509-1560 _935566 |
|
| 242 | 0 | 0 |
_aDel Reverendísimo Señor Melchor Cano, de la Orden de Predicadores. Doce libros sobre los lugares teológicos _yspa |
| 245 | 1 | 0 | _aReverendissimi D. Domini Melchioris Cani ... Ordinis Praedicatorum ... De locis theologicis libri duodecim |
| 246 | 1 | 8 | _aDe locis Theologicis |
| 260 |
_aLovani [Lovaina] Bélgica _bExcudebat Servatius Saffenus, sumptibus haeredum Ioannis Stelsii [Impreso por Servassio Saffenus, a costa de los herederos de Jan Steels] _c1564 |
||
| 300 |
_a75-902, [33] páginas _c16 x 10 cm. |
||
| 500 | _aDetalles físicos: Sin encuadernación original, actualmente encuadernación rígida (holandesa) cartón forrado en papel. Lomo en tela con adornos en dorado. Tapas y lomo con residuos de cinta pegante. Guardas. Ejemplar mútilo, faltan las primeras páginas incluida la portada y también finales. Texto impreso en una sola columna. Mayúsculas capitales. Apostillas marginales. Signaturas y reclamos | ||
| 505 | 0 | _aLa Sagrada Escritura ; Las tradiciones apostólicas ; Autoridad de la Iglesia Católica ; Autoridad de los Concilios ; Autoridad de la Iglesia Romana ; Autoridad de los Santos ; Autoridad de los Doctores ; Argumentos de la razón natural ; Autoridad de los filósofos que siguen la guía de la razón ; Autoridad de toda la historia humana ; Del uso de los "Lugares" en las disputas escolásticas | |
| 506 | _aConsulta en sala | ||
| 546 | _aTexto en latín | ||
| 650 | 7 |
_aTeología _xObras anteriores a 1800 _937836 |
|
| 650 | 7 |
_aTeología _xObras anteriores a 1800 _vManuales _970738 |
|
| 650 | 7 |
_aApologética _xObras anteriores a 1800 _99245 |
|
| 690 |
_aTeología _925230 |
||
| 856 | 4 | 1 |
_zDisponible en línea _uhttp://books.google.es/books?id=RGYx8UVLf3wC&printsec=frontcover&dq=De+locis+theologicis+1564&hl=es&sa=X&ei=f5-jULSAJMzkigKcq4DIAg&ved=0CEIQ6AEwBg#v=onepage&q&f=false |
| 942 |
_cLIBRO _a4 _e1 _2LOCAL _hE01N076 |
||
| 999 |
_c66038 _d66038 |
||